Catálogo público

Reproducción aplicada en el ganado bovino lechero / (Record no. 167322)

MARC details
000 -CABECERA
campo de control de longitud fija 02734nam a2200409 a 4500
001 - NÚMERO DE CONTROL
campo de control Z_4259
003 - IDENTIFICADOR DEL NÚMERO DE CONTROL
campo de control CHAP
005 - FECHA Y HORA DE LA ÚLTIMA TRANSACCIÓN
campo de control 20250507125143.0
007 - CAMPO FIJO DE DESCRIPCIÓN FÍSICA--INFORMACIÓN GENERAL
campo de control de longitud fija ta
008 - DATOS DE LONGITUD FIJA--INFORMACIÓN GENERAL
campo de control de longitud fija 220113s1993 mx a fr 001 0 spa d
010 ## - NÚMERO DE CONTROL DE LA BIBLIOTECA DEL CONGRESO
Número de control de LC 167322
020 ## - NÚMERO INTERNACIONAL ESTÁNDAR DEL LIBRO
Número Internacional Estándar del Libro 968-24-4648-1
040 ## - FUENTE DE LA CATALOGACIÓN
Centro catalogador/agencia de origen Z
Centro/agencia transcriptor CHAP
Normas de descripción rda
041 0# - CÓDIGO DE LENGUA
Código de lengua del sumario o resumen Español
Código de lengua de la tabla de contenido Español
082 ## - NÚMERO DE LA CLASIFICACIÓN DECIMAL DEWEY
Número de clasificación 636.21420824
Número de documento/Ítem F47 1993
Número de edición 20
100 1# - ENTRADA PRINCIPAL--NOMBRE DE PERSONA
Nombre de persona Fernández de Córdoba de la Barrera, Luis
9 (RLIN) 141484
Término indicativo de función/relación autor
245 10 - MENCIÓN DE TÍTULO
Título Reproducción aplicada en el ganado bovino lechero /
Mención de responsabilidad, etc. Luis Fernández de Córdoba de la Barrera
250 ## - MENCIÓN DE EDICIÓN
Mención de edición Primera edición
264 #1 - PRODUCCIÓN, PUBLICACIÓN, DISTRIBUCIÓN, FABRICACIÓN Y COPYRIGHT
Producción, publicación, distribución, fabricación y copyright México :
Nombre del de productor, editor, distribuidor, fabricante Trillas,
Fecha de producción, publicación, distribución, fabricación o copyright 1993
300 ## - DESCRIPCIÓN FÍSICA
Extensión 137 páginas :
Otras características físicas ilustraciones, tablas, diagramas
336 ## - TIPO DE CONTENIDO
Fuente rdacontent
Término de tipo de contenido texto
Código de tipo de contenido txt
337 ## - TIPO DE MEDIO
Fuente rdamedia
Nombre/término del tipo de medio sin medio
Código del tipo de medio n
338 ## - TIPO DE SOPORTE
Fuente rdacarrier
Nombre/término del tipo de soporte volumen
Código del tipo de soporte nc
500 ## - NOTA GENERAL
Nota general ej.1 - ej.3: C/E
504 ## - NOTA DE BIBLIOGRAFÍA, ETC.
Nota de bibliografía, etc. Bibliografía: páginas 107 - 112
505 0# - NOTA DE CONTENIDO CON FORMATO
Nota de contenido con formato Prólogo -- Agradecimientos -- Introducción -- Cap. 1. Consideraciones generales -- Cap. 2. Manejo del parto -- Cap. 3. Manejo del puerperio -- Cap. 4. Reinicio de la actividad ovárica -- Cap. 5. Anestro -- Cap. 6. Detección de calores -- Cap. 7. Servicio -- Cap. 8. Diagnóstico de gestación -- Cap. 9. Anestro postservicio -- Cap. 10. Seguimiento de la gestación y preparación al parto -- Cap. 11. Preparación al parto -- Cap. 12. Medicina preventiva -- Bibliografía -- Ilustraciones en color -- Índice analítico.
520 ## - SUMARIO, ETC.
Sumario, etc. El continuo crecimiento de la población mundial provoca que la demanda alimenticia crezca a un ritmo más acelerado que la producción de satisfactores. Ante esta situación, resulta prioritario impulsar a las industrias ganadera y lechera; sin embargo, para mejorar la producción de un hato lechero se requiere conocimientos profundos, tanto del proceso reproductivo como de los métodos y técnicas para manejarlo y controlarlo.<br/>Esta guía teoricopráctica está dedicada al ganadero, al médico veterinario zootecnista y a todas las personas relacionadas con la producción lechera. Su objetivo es dar a conocer el proceso reproductivo en sus diferentes etapas: parto, puerperio, ciclo estral, inseminación artificial y gestación, a fin de que el interesado aprenda a mejorar tanto la producción como la productividad del ganado lechero, y sea capaz de resolver los problemas que se presentan al aplicar los métodos y las técnicas de reproducción bovina.
650 13 - PUNTO DE ACCESO ADICIONAL DE MATERIA--TÉRMINO DE MATERIA
Término de materia o nombre geográfico como elemento de entrada Ganado bovino lechero
9 (RLIN) 145779
650 13 - PUNTO DE ACCESO ADICIONAL DE MATERIA--TÉRMINO DE MATERIA
Término de materia o nombre geográfico como elemento de entrada Reproducción de animales
9 (RLIN) 144201
650 13 - PUNTO DE ACCESO ADICIONAL DE MATERIA--TÉRMINO DE MATERIA
Término de materia o nombre geográfico como elemento de entrada Periodo posparto
9 (RLIN) 189792
650 13 - PUNTO DE ACCESO ADICIONAL DE MATERIA--TÉRMINO DE MATERIA
Término de materia o nombre geográfico como elemento de entrada Ciclo estral
9 (RLIN) 190317
650 13 - PUNTO DE ACCESO ADICIONAL DE MATERIA--TÉRMINO DE MATERIA
Término de materia o nombre geográfico como elemento de entrada Partos en ganado bovino
9 (RLIN) 189791
942 ## - ELEMENTOS DE PUNTO DE ACCESO ADICIONAL (KOHA)
Tipo de ítem Koha Libro
Fuente del sistema de clasificación o colocación Dewey Decimal Classification
901 ## - ELEMENTOS DE DATOS A LOCAL LDA (RLIN)
a 636.21420824 F47 1993
902 ## - ELEMENTOS DE DATOS B LOCAL, LDB (RLIN)
a M
910 ## - DATOS DE OPCIÓN DEL USUARIO (OCLC)
Datos de opción del usuario 1993
Holdings
Estado de retiro Estado de pérdida Fuente del sistema de clasificación o colocación Estado dañado Restricciones de uso No para préstamo Código de colección Localización permanente Ubicación/localización actual Fecha de adquisición Fuente de adquisición Número de inventario Signatura topográfica completa Código de barras Fecha visto por última vez Número de copia Precio válido a partir de Tipo de ítem Koha Total de préstamos
    Dewey Decimal Classification   Préstamo interno   General Zootecnia Zootecnia 20/06/2002 Compra C/E 636.21420824 F47 1993 5102004407 18/01/2022 Ej.1 18/01/2022 Libro  
    Dewey Decimal Classification   Préstamo interno   General Zootecnia Zootecnia 20/06/2002 Compra C/E 636.21420824 F47 1993 5102005392 30/04/2025 Ej.2 30/04/2025 Libro  
    Dewey Decimal Classification   Préstamo interno   General Zootecnia Zootecnia 19/04/2007 Compra C/E 636.21420824 F47 1993 5102001513 30/04/2025 Ej.3 30/04/2025 Libro